000 00459nab a2200145Ia 4500
003 ES-SlBCS
005 20210601141157.0
008 140529s1991 xxu||||| |||| 00| 0 spa d
041 _aspa
100 1 _aSánchez Torrado, Santiago
_969243
245 0 0 _aLa Educación de Adultos: un debate abierto
_c Santiago Sánchez Torrado
650 0 4 _aEducación de Adultos
_9128539
773 0 _tDocumentacion Social
_gnº. 84, 1991, págs. 189-202
_wRev166
942 _cAR
999 _c656495
_d656495